[Event "CYCC U08"]
[Site "Richmond Hill CAN"]
[Date "2011.07.06"]
[Round "2"]
[White "Eckert, Ethan"]
[Black "Quan, Daniel"]
[Result "1-0"]
[WhiteElo "797"]
[BlackElo "716"]
[PlyCount "31"]
[GameId "2160767909703838"]
[EventDate "2011.07.06"]
[EventType "swiss"]
[EventRounds "7"]
[EventCountry "CAN"]
[SourceTitle "EXT 2022"]
[Source "ChessBase"]
[SourceDate "2021.10.06"]
[SourceVersion "1"]
[SourceVersionDate "2021.10.06"]
[SourceQuality "1"]

1. e4 c5 2. Bc4 Nh6 3. Qh5 Qb6 4. Nf3 e6 5. d4 cxd4 6. Nxd4 Qd8 7. O-O Nc6 8. c3 Na5 9. b4 Nxc4 10. Nxe6 Nd2 11. Rd1 Nf3+ 12. gxf3 a6 13. Kf1 g5 14. Ke1 g4 15. Rd5 a5 16. a4 1-0

[Event "CYCC U08"]
[Site "Richmond Hill CAN"]
[Date "2011.07.06"]
[Round "2"]
[White "Rapin, Oliver"]
[Black "Guo, Thomas"]
[Result "0-1"]
[WhiteElo "610"]
[BlackElo "982"]
[PlyCount "44"]
[GameId "2160767909703839"]
[EventDate "2011.07.06"]
[EventType "swiss"]
[EventRounds "7"]
[EventCountry "CAN"]
[SourceTitle "EXT 2022"]
[Source "ChessBase"]
[SourceDate "2021.10.06"]
[SourceVersion "1"]
[SourceVersionDate "2021.10.06"]
[SourceQuality "1"]

1. e3 e5 2. Bc4 Nc6 3. Qf3 Qe7 4. Nh3 Nf6 5. Ng5 d5 6. Bd3 e4 7. Qe2 exd3 8. Qxd3 h6 9. Nc3 hxg5 10. Nb5 a6 11. Nc3 d4 12. Qe2 dxc3 13. dxc3 Qd6 14. e4 Rxh2 15. Qf1 Rxh1 16. Qxh1 Bg4 17. Bxg5 O-O-O 18. f3 Nxe4 19. Be3 f5 20. Qg1 f4 21. Ba7 Qd2+ 22. Kf1 Ng3# 0-1

[Event "CYCC U08"]
[Site "Richmond Hill CAN"]
[Date "2011.07.06"]
[Round "3"]
[White "Allard, Max"]
[Black "Eckert, Ethan"]
[Result "0-1"]
[WhiteElo "924"]
[BlackElo "797"]
[PlyCount "50"]
[GameId "2160767909703840"]
[EventDate "2011.07.06"]
[EventType "swiss"]
[EventRounds "7"]
[EventCountry "CAN"]
[SourceTitle "EXT 2022"]
[Source "ChessBase"]
[SourceDate "2021.10.06"]
[SourceVersion "1"]
[SourceVersionDate "2021.10.06"]
[SourceQuality "1"]

1. e4 e5 2. Bc4 Nc6 3. Nf3 Nf6 4. Nxe5 Nxe5 5. O-O Nxc4 6. e5 Nxe5 7. Qe2 Bd6 8. d4 Qe7 9. dxe5 Bxe5 10. Bg5 Bxb2 11. Qxe7+ Kxe7 12. Nd2 Bxa1 13. Rxa1 h6 14. Be3 d5 15. Bc5+ Kd7 16. Rd1 b6 17. Bb4 c5 18. Ba3 Ne4 19. Nxe4 d4 20. c3 Kc6 21. cxd4 cxd4 22. Rxd4 Re8 23. Rd6+ Kb5 24. Nc3+ Kc4 25. Nb1 Re1# 0-1

[Event "CYCC U08"]
[Site "Richmond Hill CAN"]
[Date "2011.07.06"]
[Round "3"]
[White "Guo, Thomas"]
[Black "Wang, Kaixin"]
[Result "1-0"]
[WhiteElo "982"]
[BlackElo "555"]
[PlyCount "79"]
[GameId "2160767909703841"]
[EventDate "2011.07.06"]
[EventType "swiss"]
[EventRounds "7"]
[EventCountry "CAN"]
[SourceTitle "EXT 2022"]
[Source "ChessBase"]
[SourceDate "2021.10.06"]
[SourceVersion "1"]
[SourceVersionDate "2021.10.06"]
[SourceQuality "1"]

1. e4 e5 2. Nf3 Nf6 3. Nc3 Bc5 4. Nxe5 Qe7 5. f4 d6 6. Nf3 Nxe4 7. Nxe4 Qxe4+ 8. Qe2 Qxe2+ 9. Bxe2 O-O 10. d4 Bb4+ 11. c3 Ba5 12. b4 Bb6 13. a4 c6 14. a5 Bc7 15. Bd3 Re8+ 16. Be2 Bg4 17. h3 Bxf3 18. gxf3 Nd7 19. Rg1 Nf6 20. f5 b5 21. Bh6 Nh5 22. Kd1 g6 23. f4 d5 24. Bxh5 Re7 25. f6 Re3 26. f5 Rxh3 27. fxg6 hxg6 28. Bxg6 Rxh6 29. Bh5+ Kf8 30. Bg4 Rxf6 31. Kd2 Bf4+ 32. Kc2 Be3 33. Rh1 Ke7 34. Rae1 Rf2+ 35. Kd3 Kd6 36. Kxe3 Rg2 37. Rh6+ Kc7 38. Kf3 Rc2 39. Re7+ Kd8 40. Rd7+ 1-0

[Event "CYCC U08"]
[Site "Richmond Hill CAN"]
[Date "2011.07.06"]
[Round "3"]
[White "Lee, James"]
[Black "Rapin, Oliver"]
[Result "1-0"]
[WhiteElo "1152"]
[BlackElo "610"]
[PlyCount "106"]
[GameId "2160767909703842"]
[EventDate "2011.07.06"]
[EventType "swiss"]
[EventRounds "7"]
[EventCountry "CAN"]
[SourceTitle "EXT 2022"]
[Source "ChessBase"]
[SourceDate "2021.10.06"]
[SourceVersion "1"]
[SourceVersionDate "2021.10.06"]
[SourceQuality "1"]

1. e4 Nh6 2. Nf3 Nc6 3. Nc3 Nb4 4. a3 Nc6 5. Bc4 e6 6. d3 Nb8 7. Bxh6 gxh6 8. h3 c6 9. Qd2 d5 10. exd5 cxd5 11. Bb5+ Nd7 12. Ne5 Bg7 13. d4 a6 14. Ba4 Qh4 15. g3 Qg5 16. Qxg5 hxg5 17. Rg1 b5 18. Bb3 Bxe5 19. dxe5 Nxe5 20. O-O-O h6 21. Rde1 Nf3 22. Rgf1 Nxe1 23. Rxe1 h5 24. Ne2 g4 25. hxg4 hxg4 26. Nd4 Ke7 27. Nc6+ Kd6 28. Nb4 Bd7 29. f4 Rh7 30. c3 Rah8 31. Nxa6 Rh1 32. Rxh1 Rxh1+ 33. Bd1 e5 34. fxe5+ Kxe5 35. Kc2 Bf5+ 36. Kb3 Rxd1 37. a4 bxa4+ 38. Kxa4 Bc2+ 39. Ka5 Rd4 40. cxd4+ Kxd4 41. b4 f5 42. b5 f4 43. b6 f3 44. b7 f2 45. b8=Q f1=Q 46. Qb2+ Kd3 47. Nb4+ Ke3 48. Nxd5+ Ke4 49. Nc3+ Kf3 50. Qxc2 Kxg3 51. Ne4+ Kf3 52. Nd2+ Kf2 53. Nxf1+ Kxf1 1-0

[Event "CYCC U08"]
[Site "Richmond Hill CAN"]
[Date "2011.07.06"]
[Round "3"]
[White "Wang, Andrew B"]
[Black "Ming, Wenyang"]
[Result "0-1"]
[WhiteElo "1085"]
[BlackElo "1182"]
[PlyCount "68"]
[GameId "2160767909703843"]
[EventDate "2011.07.06"]
[EventType "swiss"]
[EventRounds "7"]
[EventCountry "CAN"]
[SourceTitle "EXT 2022"]
[Source "ChessBase"]
[SourceDate "2021.10.06"]
[SourceVersion "1"]
[SourceVersionDate "2021.10.06"]
[SourceQuality "1"]

1. e4 c5 2. Bc4 d6 3. Nf3 Nf6 4. d3 Nc6 5. O-O g6 6. Ng5 Ne5 7. Bb3 Bg7 8. d4 cxd4 9. Bf4 O-O 10. Nd2 Nc6 11. Ndf3 h6 12. Nh3 g5 13. Bd2 g4 14. Nf4 gxf3 15. Qxf3 Ne5 16. Qh3 Bxh3 17. gxh3 Nf3+ 18. Kh1 Nxd2 19. Rg1 Ndxe4 20. Rg6 Kh7 21. Rg2 e5 22. Rag1 Nxf2+ 23. Rxf2 exf4 24. Rfg2 Ne8 25. c3 dxc3 26. Bc2+ Kh8 27. bxc3 Bxc3 28. Rd1 Rg8 29. Rf2 Qh4 30. Rff1 Qxh3 31. Rf2 Qh4 32. Rdf1 Bd4 33. Rxf4 Qxf4 34. Re1 Qf3# 0-1

[Event "CYCC U08"]
[Site "Richmond Hill CAN"]
[Date "2011.07.07"]
[Round "4"]
[White "Feng, Richard"]
[Black "Eckert, Ethan"]
[Result "1-0"]
[WhiteElo "1044"]
[BlackElo "797"]
[PlyCount "111"]
[GameId "2160767909703844"]
[EventDate "2011.07.06"]
[EventType "swiss"]
[EventRounds "7"]
[EventCountry "CAN"]
[SourceTitle "EXT 2022"]
[Source "ChessBase"]
[SourceDate "2021.10.06"]
[SourceVersion "1"]
[SourceVersionDate "2021.10.06"]
[SourceQuality "1"]

1. e4 e5 2. Nf3 Nc6 3. Bc4 Nf6 4. Nc3 Bb4 5. d3 a6 6. O-O b5 7. Bb3 d6 8. Bg5 h6 9. Bxf6 Qxf6 10. Bd5 Bb7 11. Qe2 Bxc3 12. bxc3 Na5 13. Bxb7 Nxb7 14. Nd2 d5 15. exd5 Qd6 16. c4 bxc4 17. dxc4 O-O 18. Ne4 Qg6 19. f4 Qf5 20. fxe5 Qxe5 21. Qg4 f5 22. Nf6+ Rxf6 23. Qf3 g5 24. Qf2 Nd6 25. Rae1 Ne4 26. Qf3 g4 27. Qf4 Qxf4 28. Rxf4 Re8 29. h3 gxh3 30. g4 fxg4 31. Rfxe4 Rxe4 32. Rxe4 h5 33. Re5 g3 34. Rg5+ Kf7 35. Rxg3 Rb6 36. Rxh3 Rb2 37. Rxh5 Rxc2 38. Rh7+ Kg6 39. Rxc7 Rxa2 40. d6 Ra1+ 41. Kf2 Rd1 42. d7 a5 43. c5 a4 44. Ra7 a3 45. c6 a2 46. Rxa2 Rd6 47. c7 Rxd7 48. c8=Q Rf7+ 49. Ke1 Re7+ 50. Re2 Rxe2+ 51. Kxe2 Kf6 52. Qe8 Kg5 53. Qf7 Kg4 54. Kf2 Kh4 55. Qg6 Kh3 56. Qg3# 1-0

[Event "CYCC U08"]
[Site "Richmond Hill CAN"]
[Date "2011.07.07"]
[Round "4"]
[White "Ju, Lawrence"]
[Black "Guo, Thomas"]
[Result "1-0"]
[WhiteElo "1117"]
[BlackElo "982"]
[PlyCount "91"]
[GameId "2160767909703845"]
[EventDate "2011.07.06"]
[EventType "swiss"]
[EventRounds "7"]
[EventCountry "CAN"]
[SourceTitle "EXT 2022"]
[Source "ChessBase"]
[SourceDate "2021.10.06"]
[SourceVersion "1"]
[SourceVersionDate "2021.10.06"]
[SourceQuality "1"]

1. d4 d5 2. c4 dxc4 3. e4 e5 4. Bxc4 Qxd4 5. Qxd4 exd4 6. Nf3 Nc6 7. Bf4 Nf6 8. Nbd2 Bb4 9. O-O Bxd2 10. Nxd2 Nh5 11. Bxc7 Na5 12. Bxa5 b6 13. Bb4 a5 14. Bb5+ Bd7 15. Bxd7+ Kxd7 16. Ba3 b5 17. b3 Rac8 18. Nf3 b4 19. Bb2 d3 20. Rfd1 Nf4 21. Be5 f6 22. Bxf4 g5 23. Nxg5 fxg5 24. Rxd3+ Ke6 25. Bxg5 Rhg8 26. Bf4 Rgf8 27. Bg3 Rc3 28. Rxc3 bxc3 29. Rc1 Rc8 30. Kf1 c2 31. Ke2 a4 32. bxa4 h5 33. Kd2 h4 34. Bxh4 Ra8 35. Rxc2 Rxa4 36. f3 Rd4+ 37. Ke3 Ra4 38. Bf2 Ra3+ 39. Kf4 Ra4 40. h4 Kf6 41. Kg4 Ra5 42. h5 Kg7 43. Rc7+ Kg8 44. h6 Rg5+ 45. Kxg5 Kh8 46. Bd4+ 1-0

[Event "CYCC U08"]
[Site "Richmond Hill CAN"]
[Date "2011.07.07"]
[Round "4"]
[White "Wang, Kaixin"]
[Black "Rapin, Oliver"]
[Result "1-0"]
[WhiteElo "555"]
[BlackElo "610"]
[PlyCount "35"]
[GameId "2160767909703846"]
[EventDate "2011.07.06"]
[EventType "swiss"]
[EventRounds "7"]
[EventCountry "CAN"]
[SourceTitle "EXT 2022"]
[Source "ChessBase"]
[SourceDate "2021.10.06"]
[SourceVersion "1"]
[SourceVersionDate "2021.10.06"]
[SourceQuality "1"]

1. e4 e5 2. Nf3 f6 3. Nxe5 fxe5 4. Qh5+ g6 5. Qxe5+ Ne7 6. Qxh8 Nbc6 7. g3 Nd4 8. Na3 b5 9. Qxd4 c6 10. Bg2 d6 11. O-O c5 12. Qe3 b4 13. e5 bxa3 14. Bxa8 axb2 15. Bxb2 Nd5 16. Bxd5 Ba6 17. Qf3 Bxf1 18. Qf7# 1-0

[Event "CYCC U08"]
[Site "Richmond Hill CAN"]
[Date "2011.07.08"]
[Round "5"]
[White "Allard, Max"]
[Black "Yu, Xiao Tian"]
[Result "0-1"]
[WhiteElo "924"]
[BlackElo "1002"]
[PlyCount "60"]
[GameId "2160767909703847"]
[EventDate "2011.07.06"]
[EventType "swiss"]
[EventRounds "7"]
[EventCountry "CAN"]
[SourceTitle "EXT 2022"]
[Source "ChessBase"]
[SourceDate "2021.10.06"]
[SourceVersion "1"]
[SourceVersionDate "2021.10.06"]
[SourceQuality "1"]

1. e4 e5 2. Bc4 Nf6 3. Nf3 d5 4. exd5 Nxd5 5. Nxe5 Bd6 6. Bxd5 Bxe5 7. c4 O-O 8. Be4 Re8 9. Qh5 h6 10. Qf3 Nc6 11. Qd3 Qxd3 12. Bxd3 Bxb2+ 13. Be2 Bxa1 14. O-O Rxe2 15. d3 Rxa2 16. Nc3 Bxc3 17. c5 Bb2 18. Bxb2 Rxb2 19. Re1 Bf5 20. Rd1 Bxd3 21. h3 Rb1 22. Rxb1 Bxb1 23. Kf1 a5 24. Ke1 a4 25. Kd1 a3 26. Kc1 a2 27. Kb2 a1=Q+ 28. Kc1 Ra2 29. Kd1 Rc2 30. Ke1 Ba2# 0-1

[Event "CYCC U08"]
[Site "Richmond Hill CAN"]
[Date "2011.07.08"]
[Round "5"]
[White "Doknjas, Neil"]
[Black "Wang, Kaixin"]
[Result "0-1"]
[WhiteElo "881"]
[BlackElo "555"]
[PlyCount "120"]
[GameId "2160767909703848"]
[EventDate "2011.07.06"]
[EventType "swiss"]
[EventRounds "7"]
[EventCountry "CAN"]
[SourceTitle "EXT 2022"]
[Source "ChessBase"]
[SourceDate "2021.10.06"]
[SourceVersion "1"]
[SourceVersionDate "2021.10.06"]
[SourceQuality "1"]

1. e4 e5 2. Nf3 Nc6 3. d4 exd4 4. Nxd4 Bc5 5. Nxc6 bxc6 6. Bc4 Nf6 7. Nc3 d5 8. exd5 cxd5 9. Bb5+ Bd7 10. Bd3 O-O 11. Bf4 Re8+ 12. Ne2 Ne4 13. Bxe4 dxe4 14. Qd2 Qe7 15. Be3 Bxe3 16. fxe3 Qh4+ 17. g3 Qe7 18. O-O-O Be6 19. Kb1 Rab8 20. a3 Qf6 21. Qd4 Qe7 22. Qc3 Bg4 23. Rde1 Bf3 24. Rhg1 Qg5 25. Nf4 Bg4 26. Qxc7 Qf6 27. b3 Be6 28. Nxe6 Qxe6 29. Qc3 Rec8 30. Qb2 a5 31. a4 Rc7 32. Ka2 Rbc8 33. c4 Rb7 34. Rc1 Rcb8 35. Rc3 Qh6 36. h4 Qe6 37. Rd1 Qg4 38. Qd2 g6 39. Qd5 Qe2+ 40. Rd2 Qf3 41. Qxa5 Qf6 42. c5 Qe6 43. Rd8+ Rxd8 44. Qxd8+ Kg7 45. c6 Rxb3 46. Rxb3 Qxc6 47. Qa5 Qc2+ 48. Ka3 Qc1+ 49. Kb4 Qd2+ 50. Kb5 Qe2+ 51. Kc5 Qc2+ 52. Rc3 Qd2 53. Kc4 Qa2+ 54. Kd4 Qd2+ 55. Kxe4 Qg2+ 56. Kf4 Qf2+ 57. Kg4 Qf1 58. Qe5+ Kh6 59. Rc8 f5+ 60. Qxf5 Qxf5# 0-1

[Event "CYCC U08"]
[Site "Richmond Hill CAN"]
[Date "2011.07.08"]
[Round "5"]
[White "Guo, Thomas"]
[Black "Luo, Jia Yu"]
[Result "1-0"]
[WhiteElo "982"]
[BlackElo "1048"]
[PlyCount "93"]
[GameId "2160767909703849"]
[EventDate "2011.07.06"]
[EventType "swiss"]
[EventRounds "7"]
[EventCountry "CAN"]
[SourceTitle "EXT 2022"]
[Source "ChessBase"]
[SourceDate "2021.10.06"]
[SourceVersion "1"]
[SourceVersionDate "2021.10.06"]
[SourceQuality "1"]

1. e4 e5 2. Nf3 Nc6 3. Nc3 Nf6 4. Bb5 a6 5. Bxc6 dxc6 6. Nxe5 Qd4 7. Nf3 Qc5 8. e5 Ng4 9. O-O Nxe5 10. Re1 Bd6 11. d4 Qa5 12. dxe5 O-O 13. exd6 Bg4 14. d7 Rad8 15. Re8 Bxd7 16. Rxf8+ Kxf8 17. Bg5 f6 18. Ne5 Qxe5 19. Bd2 Be8 20. f4 Qc5+ 21. Kf1 Qa7 22. Nb5 cxb5 23. Bb4+ Rd6 24. Bxd6+ cxd6 25. Qxd6+ Kg8 26. Re1 Qa8 27. Qe7 b6 28. Qxe8+ Qxe8 29. Rxe8+ Kf7 30. Rb8 g5 31. fxg5 fxg5 32. Rxb6 h5 33. Rxa6 b4 34. Rh6 h4 35. a4 bxa3 36. bxa3 Kg7 37. Rb6 Kf7 38. a4 Ke7 39. a5 Kd7 40. a6 Kc7 41. Rb1 g4 42. a7 h3 43. gxh3 gxh3 44. a8=Q Kd7 45. Rb6 Ke7 46. Qa7+ Ke8 47. Rb8# 1-0

[Event "CYCC U08"]
[Site "Richmond Hill CAN"]
[Date "2011.07.08"]
[Round "6"]
[White "Eckert, Ethan"]
[Black "Guo, Thomas"]
[Result "0-1"]
[WhiteElo "797"]
[BlackElo "982"]
[PlyCount "66"]
[GameId "2160767909703850"]
[EventDate "2011.07.06"]
[EventType "swiss"]
[EventRounds "7"]
[EventCountry "CAN"]
[SourceTitle "EXT 2022"]
[Source "ChessBase"]
[SourceDate "2021.10.06"]
[SourceVersion "1"]
[SourceVersionDate "2021.10.06"]
[SourceQuality "1"]

1. e4 e5 2. Nf3 Nc6 3. Nc3 Nf6 4. Bc4 Nxe4 5. Nxe4 d5 6. Bb5 dxe4 7. Nxe5 Bd7 8. Nxd7 Qxd7 9. Bxc6 Qxc6 10. d3 O-O-O 11. dxe4 Rxd1+ 12. Kxd1 Qxe4 13. f3 Qd5+ 14. Bd2 Bb4 15. c3 Bc5 16. b4 Be3 17. Kc1 Qxd2+ 18. Kb1 Qxc3 19. g4 Bd4 20. Rc1 Qxa1+ 21. Kc2 Qxa2+ 22. Kd3 Rd8 23. Rc2 Qb3+ 24. Kd2 Bb2+ 25. Ke2 Qxc2+ 26. Ke3 Qd3+ 27. Kf4 Bc1+ 28. Kg3 b6 29. h4 Qe3 30. Kg2 Rd2+ 31. Kg3 Rc2 32. h5 Qf4+ 33. Kh4 Rh2# 0-1

[Event "CYCC U08"]
[Site "Richmond Hill CAN"]
[Date "2011.07.08"]
[Round "6"]
[White "Wang, Kaixin"]
[Black "Yu, Xiao Tian"]
[Result "1-0"]
[WhiteElo "555"]
[BlackElo "1002"]
[PlyCount "87"]
[GameId "2160767909703852"]
[EventDate "2011.07.06"]
[EventType "swiss"]
[EventRounds "7"]
[EventCountry "CAN"]
[SourceTitle "EXT 2022"]
[Source "ChessBase"]
[SourceDate "2021.10.06"]
[SourceVersion "1"]
[SourceVersionDate "2021.10.06"]
[SourceQuality "1"]

1. e4 e5 2. Nf3 Nc6 3. g3 Nf6 4. d3 Be7 5. Bg2 O-O 6. O-O d6 7. Nbd2 Bd7 8. c4 Qc8 9. b3 Bh3 10. Bb2 Bxg2 11. Kxg2 Re8 12. d4 h6 13. d5 Nd4 14. Nxd4 exd4 15. Bxd4 Nh7 16. f4 Bf6 17. Bxf6 Nxf6 18. Qe2 Qg4 19. Nf3 Rxe4 20. Qd1 Qd7 21. Qd3 Qe7 22. Rfe1 Rxe1 23. Rxe1 Qd7 24. h3 a5 25. Qc3 a4 26. c5 axb3 27. axb3 dxc5 28. Qxc5 b6 29. Qc6 Qxd5 30. Qxc7 Qxb3 31. Qc6 Qb4 32. Qxa8+ Kh7 33. Qb7 Qb2+ 34. Kg1 b5 35. Qxf7 b4 36. h4 b3 37. h5 Qc2 38. Qg6+ Qxg6 39. hxg6+ Kxg6 40. Rb1 Ne4 41. Kg2 Nc5 42. Nd4 Nd3 43. Rxb3 Ne1+ 44. Kf2 1-0

[Event "CYCC U08"]
[Site "Richmond Hill CAN"]
[Date "2011.07.08"]
[Round "7"]
[White "Eckert, Ethan"]
[Black "Wang, Andrew B"]
[Result "0-1"]
[WhiteElo "797"]
[BlackElo "1085"]
[PlyCount "32"]
[GameId "2160767909703853"]
[EventDate "2011.07.06"]
[EventType "swiss"]
[EventRounds "7"]
[EventCountry "CAN"]
[SourceTitle "EXT 2022"]
[Source "ChessBase"]
[SourceDate "2021.10.06"]
[SourceVersion "1"]
[SourceVersionDate "2021.10.06"]
[SourceQuality "1"]

1. d4 g6 2. Nf3 Bg7 3. e4 d6 4. Be3 Nf6 5. Bb5+ Nc6 6. d5 a6 7. Bxc6+ bxc6 8. dxc6 O-O 9. O-O Bg4 10. h3 Bh5 11. g4 Nxg4 12. hxg4 Bxg4 13. Nc3 Bh3 14. Re1 Qc8 15. Nd5 Qg4+ 16. Kh1 Qg2# 0-1

[Event "CYCC U08"]
[Site "Richmond Hill CAN"]
[Date "2011.07.08"]
[Round "7"]
[White "Feng, Richard"]
[Black "Guo, Thomas"]
[Result "0-1"]
[WhiteElo "1044"]
[BlackElo "982"]
[PlyCount "113"]
[GameId "2160767909703854"]
[EventDate "2011.07.06"]
[EventType "swiss"]
[EventRounds "7"]
[EventCountry "CAN"]
[SourceTitle "EXT 2022"]
[Source "ChessBase"]
[SourceDate "2021.10.06"]
[SourceVersion "1"]
[SourceVersionDate "2021.10.06"]
[SourceQuality "1"]

1. e4 e5 2. f4 d6 3. Nf3 Nc6 4. Bc4 Bg4 5. h3 Bxf3 6. gxf3 Qh4+ 7. Kf1 d5 8. Bb5 Bc5 9. Qe2 O-O-O 10. a3 Nd4 11. Qf2 Qe7 12. b4 Nxc2 13. Qxc5 Qxc5 14. bxc5 Nxa1 15. Rg1 dxe4 16. Bb2 Nb3 17. Bxe5 Nxd2+ 18. Nxd2 Rxd2 19. Bxg7 Rd1+ 20. Kf2 Rxg1 21. Kxg1 a6 22. Bc4 b5 23. Bxf7 Nh6 24. Be6+ Kd8 25. Bxh8 exf3 26. Kf2 Ke7 27. Bb3 Nf5 28. Kxf3 Kf8 29. Bc2 Kg8 30. Be5 Nh4+ 31. Kg4 Ng6 32. Bxc7 Ne7 33. Bd6 Nc8 34. Bb3+ Kg7 35. Be6 Nxd6 36. cxd6 Kf6 37. d7 Ke7 38. Kf3 a5 39. Ke3 b4 40. axb4 axb4 41. Kd3 b3 42. Kc3 b2 43. Kxb2 h5 44. Kc3 h4 45. Kd3 Kd8 46. f5 Ke7 47. f6+ Kxf6 48. d8=Q+ Kxe6 49. Qxh4 Kf5 50. Kd4 Ke6 51. Qh5 Kf6 52. Ke4 Ke6 53. Qe5+ Kf7 54. Qd6 Kg7 55. Qe6 Kf8 56. Qd7 Kg8 57. Kf5 0-1

[Event "CYCC U08"]
[Site "Richmond Hill CAN"]
[Date "2011.07.08"]
[Round "7"]
[White "Wang, Kaixin"]
[Black "Lin, Benjamin1"]
[Result "0-1"]
[WhiteElo "555"]
[BlackElo "1146"]
[PlyCount "89"]
[GameId "2160767909703856"]
[EventDate "2011.07.06"]
[EventType "swiss"]
[EventRounds "7"]
[EventCountry "CAN"]
[SourceTitle "EXT 2022"]
[Source "ChessBase"]
[SourceDate "2021.10.06"]
[SourceVersion "1"]
[SourceVersionDate "2021.10.06"]
[SourceQuality "1"]

1. e4 c5 2. Nf3 Nc6 3. d4 cxd4 4. Nxd4 e5 5. Nb5 a6 6. Nd6+ Bxd6 7. Qxd6 Qe7 8. Qxe7+ Ngxe7 9. Nc3 O-O 10. g3 d6 11. Bg2 Be6 12. O-O Nd4 13. b3 Nxc2 14. Rb1 Nd4 15. Ba3 Rfd8 16. f4 Rac8 17. Na4 Nc2 18. Bb2 Ne3 19. Rf2 Nxg2 20. Kxg2 exf4 21. Rxf4 Ng6 22. Rf2 d5 23. exd5 Bxd5+ 24. Kg1 Be4 25. Re1 Bc2 26. h4 Nf8 27. Re7 b5 28. Rfxf7 Ne6 29. Nb6 Rd1+ 30. Kh2 Re8 31. Ra7 Rd2+ 32. Kh3 Bg6 33. Rxg7+ Nxg7 34. Rxg7+ Kf8 35. Nd7+ Rxd7 36. Rxd7 Bf5+ 37. Kh2 Bxd7 38. Ba3+ Kg8 39. Kg2 Re2+ 40. Kf3 Rxa2 41. Bb4 Rb2 42. Ke4 Rxb3 43. Ba5 Rxg3 44. Kf4 Ra3 45. Bb4 0-1

[Event "CYCC U08 w"]
[Site "Richmond Hill CAN"]
[Date "2011.07.06"]
[Round "1"]
[White "Zhu, Harmony"]
[Black "Boucher, Myriam"]
[Result "1-0"]
[WhiteElo "1011"]
[BlackElo "799"]
[PlyCount "43"]
[GameId "2160767909703857"]
[EventDate "2011.07.06"]
[EventType "swiss"]
[EventRounds "7"]
[EventCountry "CAN"]
[SourceTitle "EXT 2022"]
[Source "ChessBase"]
[SourceDate "2021.10.06"]
[SourceVersion "1"]
[SourceVersionDate "2021.10.06"]
[SourceQuality "1"]

1. e4 e5 2. Nf3 d6 3. Bc4 Be7 4. Nc3 Bg5 5. h4 Bf4 6. g3 Bh6 7. Nd5 Ne7 8. Ne3 c6 9. d4 d5 10. exd5 e4 11. Ne5 Na6 12. dxc6 bxc6 13. Nxf7 Qd7 14. Nxh8 Nb4 15. a3 Nxc2+ 16. Nxc2 Nf5 17. Bxh6 gxh6 18. Qh5+ Kd8 19. Nf7+ Ke8 20. Ne5+ Qf7 21. Qxf7+ Kd8 22. Nxc6# 1-0

[Event "CYCC U08 w"]
[Site "Richmond Hill CAN"]
[Date "2011.07.06"]
[Round "2"]
[White "Boucher, Myriam"]
[Black "Eckert, Alixaendra"]
[Result "1-0"]
[WhiteElo "799"]
[BlackElo "465"]
[PlyCount "35"]
[GameId "2160767909703858"]
[EventDate "2011.07.06"]
[EventType "swiss"]
[EventRounds "7"]
[EventCountry "CAN"]
[SourceTitle "EXT 2022"]
[Source "ChessBase"]
[SourceDate "2021.10.06"]
[SourceVersion "1"]
[SourceVersionDate "2021.10.06"]
[SourceQuality "1"]

1. e4 e5 2. Nf3 Nc6 3. Bc4 Nf6 4. Nc3 Bb4 5. Ng5 O-O 6. O-O Nd4 7. a3 Bc5 8. Nd5 Nxe4 9. Nxe4 d6 10. Ng5 Re8 11. Nf4 b5 12. Bd5 exf4 13. Bxa8 Re5 14. Qh5 Re2 15. Qxf7+ Kh8 16. c3 Qg8 17. Bd5 h6 18. Qxg8# 1-0

[Event "CYCC U08 w"]
[Site "Richmond Hill CAN"]
[Date "2011.07.06"]
[Round "3"]
[White "Boucher, Myriam"]
[Black "Chertkow, Sasha"]
[Result "0-1"]
[WhiteElo "799"]
[BlackElo "756"]
[PlyCount "64"]
[GameId "2160767909703859"]
[EventDate "2011.07.06"]
[EventType "swiss"]
[EventRounds "7"]
[EventCountry "CAN"]
[SourceTitle "EXT 2022"]
[Source "ChessBase"]
[SourceDate "2021.10.06"]
[SourceVersion "1"]
[SourceVersionDate "2021.10.06"]
[SourceQuality "1"]

1. e4 e5 2. Nf3 Nc6 3. Nc3 Nf6 4. Bc4 Nxe4 5. Nxe4 d5 6. Bxd5 Qxd5 7. d3 Qa5+ 8. Bd2 Qb5 9. O-O Bb4 10. a3 Bd6 11. Nfg5 O-O 12. b3 f5 13. Nc3 Qc5 14. b4 Qb6 15. Qh5 h6 16. Nf3 Nd4 17. Nh4 Be7 18. Nd5 Qc6 19. Nxe7+ Kh8 20. Nxc8 Raxc8 21. a4 Nxc2 22. Rac1 Qxa4 23. Ng6+ Kg8 24. Nxf8 Rxf8 25. Bxh6 Re8 26. Qg5 Qd7 27. Rxc2 Re7 28. Bxg7 Rxg7 29. Qh5 Qxd3 30. Rcc1 Qd2 31. Rce1 Qd5 32. Ra1 Qxg2# 0-1

[Event "CYCC U08 w"]
[Site "Richmond Hill CAN"]
[Date "2011.07.07"]
[Round "4"]
[White "Eckert, Alixaendra"]
[Black "Wong, Estella"]
[Result "0-1"]
[WhiteElo "465"]
[BlackElo "849"]
[PlyCount "60"]
[GameId "2160767909703860"]
[EventDate "2011.07.06"]
[EventType "swiss"]
[EventRounds "7"]
[EventCountry "CAN"]
[SourceTitle "EXT 2022"]
[Source "ChessBase"]
[SourceDate "2021.10.06"]
[SourceVersion "1"]
[SourceVersionDate "2021.10.06"]
[SourceQuality "1"]

1. e4 c5 2. Nc3 g6 3. d3 Bg7 4. Nf3 Nc6 5. d4 cxd4 6. Nxd4 Nxd4 7. Be3 Nc6 8. Bc4 Nf6 9. O-O O-O 10. e5 Nxe5 11. Bf4 Nxc4 12. b3 Nb6 13. Re1 d6 14. Nb5 Bf5 15. Rb1 Nbd5 16. Be3 Nxe3 17. Rxe3 a6 18. Nd4 Nd5 19. Nxf5 Nxe3 20. Nxe3 Rc8 21. b4 Qc7 22. b5 Bh6 23. Nd5 Qd7 24. bxa6 Rc5 25. Ne3 Bxe3 26. fxe3 bxa6 27. Kh1 Qc6 28. c3 Rxc3 29. Rc1 Rxc1 30. Qxc1 Qxc1# 0-1

[Event "CYCC U08 w"]
[Site "Richmond Hill CAN"]
[Date "2011.07.08"]
[Round "5"]
[White "Nodin, Danielle"]
[Black "Eckert, Alixaendra"]
[Result "0-1"]
[WhiteElo "200"]
[BlackElo "465"]
[PlyCount "40"]
[GameId "2160767909703861"]
[EventDate "2011.07.06"]
[EventType "swiss"]
[EventRounds "7"]
[EventCountry "CAN"]
[SourceTitle "EXT 2022"]
[Source "ChessBase"]
[SourceDate "2021.10.06"]
[SourceVersion "1"]
[SourceVersionDate "2021.10.06"]
[SourceQuality "1"]

1. e4 e5 2. d3 Nc6 3. Be2 Bb4+ 4. Kf1 Nf6 5. Bh5 O-O 6. Bxf7+ Rxf7 7. Qh5 d6 8. Qxe5 dxe5 9. Ke2 Bg4+ 10. Kf1 Qd7 11. Bg5 Nh5 12. Bd2 Bxd2 13. Nxd2 Nb4 14. Nc4 Nxc2 15. Nxe5 Qe7 16. Nd7 Qxd7 17. Re1 Nxe1 18. Kxe1 Qxd3 19. a3 Re7 20. a4 Rxe4+ 0-1